| 000 | 00000cam 2200000zi 4500 |
| 001 | 9.959371 |
| 003 | CaOODSP |
| 005 | 20260513134228 |
| 006 | m o d f |
| 007 | cr ||||||||||| |
| 008 | 260129t20262026onca ob f000 0 fre d |
| 020 | |a9780660981574 |
| 040 | |aCaOODSP|bfre|erda|cCaOODSP |
| 043 | |an-cn-qu |
| 086 | 1 |aEn3-4/141-1-2026F-PDF |
| 245 | 00|aProgrès de la mise en œuvre du programme de rétablissement du chevalier cuivré (Moxostoma hubbsi) pour la période 2019 à 2023. |
| 264 | 1|a[Ottawa] : |bGouvernement du Canada = Government of Canada, |c2026. |
| 264 | 4|c©2026 |
| 300 | |a1 ressource en ligne (iii, 10 pages) : |billustration en couleur |
| 336 | |atexte|btxt|2rdacontent/fre |
| 337 | |ainformatique|bc|2rdamedia/fre |
| 338 | |aressource en ligne|bcr|2rdacarrier/fre |
| 490 | 1 |aLoi sur les espèces en péril série des programmes de rétablissement |
| 500 | |aPublié par Pêches et océans Canada. |
| 500 | |aPublié aussi en anglais sous le titre : Progress towards the implementation of the recovery strategy for the copper redhorse (Moxostoma hubbsi) for the period 2019 to 2023. |
| 500 | |aTitre de la couverture. |
| 504 | |aComprend des références bibliographiques (page 10). |
| 650 | 6|aChevalier cuivré|xConservation|zQuébec (Province) |
| 650 | 6|aFaune|xRétablissement|zQuébec (Province) |
| 710 | 1 |aCanada. |bMinistère des pêches et des océans, |eorganisme de publication. |
| 775 | 08|tProgress towards the implementation of the recovery strategy for the copper redhorse (Moxostoma hubbsi) for the period 2019 to 2023.|w(CaOODSP)9.959369 |
| 795 | |tRapport sur les progrès de la mise en œuvre du programme de rétablissement du chevalier cuivré (Moxostoma hubbsi) au Canada pour la période 2012 à 2018.|w(CaOODSP)9.905065 |
| 830 | #0|aLoi sur les espèces en péril, série de programmes de rétablissement.|w(CaOODSP)9.501470 |
| 856 | 40|qPDF|s631 Ko|uhttps://publications.gc.ca/collections/collection_2026/mpo-dfo/En3-4-141-1-2026-fra.pdf |
| 856 | 4 |qHTML|sS.O.|uhttps://www.canada.ca/fr/environnement-changement-climatique/services/registre-public-especes-peril/rapports-progres-document-retablissement/chevalier-cuivre-2026.html |